000 00520nam a2200217Ia 4500
003 OSt
005 20221005130640.0
006 a|||||r|||| 00| 0
007 ta
008 221004b |||||||| |||| 00| 0 snd d
024 _a6956
037 _cTextual
040 _aCRL
_cCRL
_bsnd
041 _2snd
_asnd
082 _aU8:5:N5, 1593K0
100 _aAbid
_9638426
245 0 _aSafar Europe je Diary
260 _c1960
942 _hU8:5:N5, 1593K0
_cTEXL
_2cc
999 _c1057911
_d1057911